Významné zmeny v ochrane vkladov na Slovensku od 15. októbra 2015
Implementovanie smernice Európskeho parlamentu a Rady 2014/49/EÚ zo 16. apríla 2014 o systémoch ochrany vkladov, ktorej cieľom je odstránenie rozdielov v pravidlách ochrany vkladov v členských štátoch Európskej únie. Zákon č. 239/2015, ktorým sa mení a dopĺň a zákon č. 118/1996 Z. z. o ochrane vkla...
Gespeichert in:
| 1. Verfasser: | |
|---|---|
| Format: | Buchkapitel |
| Sprache: | Slowakisch |
| Schlagworte: | |
| Tags: |
Keine Tags, Fügen Sie das erste Tag hinzu!
|
MARC
| LEADER | 00000naa a2200000 4500 | ||
|---|---|---|---|
| 001 | 0213230 | ||
| 005 | 20220304075116.8 | ||
| 041 | 0 | |a slo | |
| 044 | |a SK | ||
| 245 | 1 | 0 | |a Významné zmeny v ochrane vkladov na Slovensku od 15. októbra 2015 |c Rudolf Šujan |
| 520 | |a Implementovanie smernice Európskeho parlamentu a Rady 2014/49/EÚ zo 16. apríla 2014 o systémoch ochrany vkladov, ktorej cieľom je odstránenie rozdielov v pravidlách ochrany vkladov v členských štátoch Európskej únie. Zákon č. 239/2015, ktorým sa mení a dopĺň a zákon č. 118/1996 Z. z. o ochrane vkladov a o zmene a doplnení niektorých zákonov v znení neskorších predpisov. | ||
| 610 | 2 | 0 | |a Slovensko |
| 610 | 2 | 0 | |a Európska únia |
| 610 | 2 | 0 | |a zákony |
| 610 | 2 | 0 | |a smernice |
| 610 | 2 | 0 | |a ochrana vkladov |
| 610 | 2 | 0 | |a nástroje finančné |
| 610 | 2 | 0 | |a banky centrálne |
| 610 | 2 | 0 | |a spolupráca medzinárodná |
| 100 | 1 | |a Šujan, Rudolf | |